| 000 | 02590cam a2200397 i 4500 | ||
|---|---|---|---|
| 999 |
_c9845 _d9845 |
||
| 001 | 22478983 | ||
| 003 | GBCCL | ||
| 005 | 20241126110720.0 | ||
| 008 | 220325s2018 miua b 001 0 eng d | ||
| 010 | _a 2021278404 | ||
| 020 | _a9780825444449 | ||
| 020 | _a0825444446 | ||
| 035 | _a(OCoLC)on1035061663 | ||
| 040 |
_aYDX _beng _cYDX _dDTM _dBDX _dOCLCF _dDTM _dCDC _dDTM _dOCLCO _dOCLCQ _dDLC |
||
| 042 | _alccopycat | ||
| 050 | 0 | 0 |
_aBV1471.3 _b.I58 2018 |
| 082 |
_a268 _bINV |
||
| 245 | 0 | 0 |
_aInvitation to educational ministry : _bfoundations of transformative Christian education / _cGeorge M. Hillman Jr., Sue G. Edwards, editors. |
| 264 | 1 |
_aGrand Rapids, MI : _bKregel Academic, _c[2018] |
|
| 264 | 4 | _c©2018 | |
| 300 |
_a524 pages : _billustrations ; _c25 cm |
||
| 336 |
_atext _btxt _2rdacontent |
||
| 337 |
_aunmediated _bn _2rdamedia |
||
| 338 |
_avolume _bnc _2rdacarrier |
||
| 490 | 1 | _aInvitation to theological studies series | |
| 504 | _aIncludes bibliographical references and indexes. | ||
| 505 | 0 | 0 |
_tWhat makes a great teacher? / _rBill Hendricks -- _tA philosophy of Christian education / _rMichael S. Lawson -- _tThe heart of making disciples / _rMark Heinemann -- _tThe influence of technology on educational ministry / _rJohn Dyer -- _tFormative: preschool and children / _rJerry Lawrence -- _tIn between: adolescents / _rJay Sedwick -- _tOverwhelmed: adults / _rSue Edwards -- _tStressed: men / _rPaul Pettit -- _tUndervalued: women / _rSue Edwards -- _tUnder attack: families and marriages / _rMichael S. Lawson -- _tInvisible: single adults / _rJoye Baker -- _tForgotten: senior adults / _rSabrina Hopson -- _tOverlooked: the disabled / _rMike Justice -- _tCurious: not yet Christians / _rA.J. Rinaldi -- _tFacilitating transformative small groups / _rJoe Baker -- _tCreativity in Educational ministry / _rKaren Giesen -- _tMentoring the next generation / _rBarbara Neumann -- _tUtilizing retreats, camping, and outdoor ministries / _rDan Bolin -- _tAdministering a healthy educational ministry / _rJim Thames -- _tEducational ministry in the smaller church / _rLin Mclaughlin -- _tPutting it all together: the educational cycle / _rGoerge M. Hillman, Jr. |
| 650 | 0 |
_aChristian education. _93220 |
|
| 650 | 7 |
_aChristian education. _2fast _0(OCoLC)fst00859019 _93220 |
|
| 700 | 1 |
_aHillman, George M., _eeditor. _917113 |
|
| 700 | 1 |
_aEdwards, Sue, _d1947- _eeditor. _917114 |
|
| 830 | 0 |
_aInvitation to Theological Studies. _917115 |
|
| 906 |
_a7 _bcbc _ccopycat _d2 _encip _f20 _gy-gencatlg |
||
| 942 |
_2ddc _cBK _010 |
||